Flags of U.S. Cities - Statistics

General Stats
  • This quiz has been taken 1,005 times
  • The average score is 13 of 24
Answer Stats
Picture Answer % Correct
New York
87%
Albuquerque
80%
Anchorage
79%
Chicago
76%
Los Angeles
74%
Detroit
73%
New Orleans
73%
Denver
70%
Baltimore
69%
Atlanta
66%
Washington, D.C.
66%
Phoenix
62%
Tampa
62%
San Diego
59%
San Antonio
57%
St. Louis
49%
Pittsburgh
38%
Portland
32%
Cincinnati
28%
Tulsa
27%
Orlando
26%
Indianapolis
22%
Oakland
19%
Sioux Falls
12%
No matching quizzes found
Score Distribution
Percent of People with Each Score
Percentile by Number Answered
Your Score History
You have not taken this quiz